Marketing (Record no. 34087)

MARC details
000 -LEADER
fixed length control field 00349nam a2200145Ia 4500
082 ## - DEWEY DECIMAL CLASSIFICATION NUMBER
Classification number 339.138
Item number HEI
100 ## - MAIN ENTRY--AUTHOR NAME
Personal name BLANKENSHIP, A B
245 #0 - TITLE STATEMENT
Title Marketing
250 ## - EDITION STATEMENT
Edition statement Ed.3
260 ## - PUBLICATION, DISTRIBUTION, ETC. (IMPRINT)
Place of publication New York
Name of publisher Barnes & Noble
Year of publication 1974
650 ## - SUBJECT ADDED ENTRY--TOPICAL TERM
Topical Term Marketing
700 ## - ADDED ENTRY--PERSONAL NAME
Personal name HEIDINGSFIELD, Myron S
942 ## - ADDED ENTRY ELEMENTS (KOHA)
Koha item type Books
Holdings
Withdrawn status Lost status Damaged status Not for loan Home library Current library Date acquired Full call number Accession Number Koha item type
        RRII Library RRII Library 16/12/2021 339.138 HEI 14527 Books